00530 a2200181 45000010006000000050017000060080041000230030015000640400040000790800043001192450043001620200022002052640041002273000019002680410008002871000028002957000025003236223020260407155916.0260407a1992 arg spa dAR-UNSa-BCEJYS aAR-UNSa-BCEJYSbspacAR-UNSa-BCEJYS a343.13(094.4)xCódigo Procesal Penal10aCódigo Procesal Penal de la Nación a978-950-20-0653-6 1aBuenos Aires :bAbeledo Perrotc1992 a254 p.c24 cm. aspa1 aArgentina [Leyes, etc.]1 aChichizola, Mario I.